000 00894ngm a22003130a 4500
001 PT22433
003 AR-LpoUNG
005 20210201232250.0
007 co ||u|||uuuuu
008 191001s2004||||sp |||||||||||||||||spa d
020 _a8448140613
_c$8,83
040 _aAR-LpoUNG
_bspa
_cAR-LpoUNG
_eaacr
044 _asp
082 0 _a005.3 429mi
100 1 _aChatfield, Carl S.
245 1 0 _aMicrosoft Office Project 2003 :
_bpaso a paso
260 _aMadrid :
_bMicrosoft,
_c2004.
650 4 _aDIRECCION DE PROYECTOS
650 4 _aDISEÑO DE PROYECTOS
650 4 _aINFORMATICA
650 4 _aPROGRAMAS DE INFORMATICA
700 1 _aArcos Fuentes, Jordi Moreno
_etr.
700 1 _aCarbonell Ayuso, Inés
_etr.
700 1 _aJohnson, Timothy D.
700 1 _aLopéz Miño, José Manue
_etr.
700 1 _aVergeguer Navarro, José Luis
_etr.
905 _a22433
942 _cCDDVD
999 _c53179
_d53179